Biology of horseshoe crabs

Đã lưu trong:
書目詳細資料
格式: 圖書
語言:Undetermined
出版: Tokyo Science House company, Ltd. 1988
主題:
標簽: 添加標簽
沒有標簽, 成為第一個標記此記錄!
Thư viện lưu trữ: Trung tâm Học liệu Trường Đại học Cần Thơ
LEADER 00474nam a2200169Ia 4500
001 CTU_126880
008 210402s9999 xx 000 0 und d
082 |a 595.4 
082 |b B615 
245 0 |a Biology of horseshoe crabs 
245 0 |c Edited by Koichi Sekiguchi 
260 |a Tokyo 
260 |b Science House company, Ltd. 
260 |c 1988 
650 |a Horseshoe crabs,Limulus polyphemus 
904 |i Giang 
980 |a Trung tâm Học liệu Trường Đại học Cần Thơ